[Event "Bad Zwischenahn"]
[Site "NordWest-Cup"]
[Date "2006.02.02"]
[Round "1.1"]
[White "Golod, Vitali"]
[Black "Kaphle, Sebastian"]
[Result "1-0"]
[WhiteElo "2577"]
[BlackElo "2032"]
[PlyCount "53"]
[EventDate "2006.??.??"]

1. d4 Nf6 2. c4 g6 3. Nc3 Bg7 4. e4 d6 5. Nf3 O-O 6. Be2 e5 7. O-O Nc6 8. d5
Ne7 9. b4 Nd7 10. Ba3 f5 11. c5 Nf6 12. Nd2 Kh8 13. b5 Bh6 14. cxd6 cxd6 15.
Nc4 Ne8 16. Bb4 Ng8 17. Qb3 Rf7 18. Qa3 Rf6 19. b6 a6 20. Bd1 Bf8 21. f4 Bg7
22. fxe5 dxe5 23. Bf3 Bd7 24. Nxe5 Qxb6+ 25. Bc5 Qc7 26. Nxd7 Qxd7 27. e5 1-0

[Event "Bad Zwischenahn"]
[Site "NordWest-Cup"]
[Date "2006.02.02"]
[Round "1.2"]
[White "Winkelmann, Elena"]
[Black "Fish, Gennadij"]
[Result "1/2-1/2"]
[WhiteElo "2031"]
[BlackElo "2544"]
[PlyCount "71"]
[EventDate "2006.??.??"]

1. d4 Nf6 2. c4 g6 3. Nc3 d5 4. Bf4 Bg7 5. Qa4+ Bd7 6. Qb3 dxc4 7. Qxb7 Nc6 8.
Bxc7 Qc8 9. Qxc8+ Rxc8 10. Be5 Nxe5 11. dxe5 Ng4 12. f4 g5 13. fxg5 Rb8 14. h3
Ne3 15. Kf2 Nc2 16. Rc1 Rxb2 17. Nf3 (17. Nd1 Rxa2 18. Nc3 Ra3 19. Rxc2 Bxe5
20. Nd1 Bg3#) 17... Nb4 18. Kg3 O-O 19. e4 Rc8 20. h4 Be6 21. a4 Na2 22. Nxa2
Rxa2 23. Rc3 a5 24. Kf4 Rxa4 25. Be2 Ra2 26. Nd4 Rc5 27. Nxe6 Bxe5+ 28. Kf3
fxe6 29. Bxc4 Kg7 30. Bxa2 Rxc3+ 31. Kg4 Rc6 32. Rb1 Bd4 33. Rb5 Bb6 34. Kh5 a4
35. Re5 a3 36. Rxe6 1/2-1/2

[Event "Bad Zwischenahn"]
[Site "NordWest-Cup"]
[Date "2006.02.02"]
[Round "1.3"]
[White "Karpatchev, Aleksandr"]
[Black "Fischer, Gerd"]
[Result "1-0"]
[WhiteElo "2530"]
[BlackElo "2012"]
[PlyCount "79"]
[EventDate "2006.??.??"]

1. e4 e6 2. d4 d5 3. Nd2 Nf6 4. e5 Nfd7 5. c3 c5 6. Bd3 Nc6 7. Ndf3 Qb6 8. Ne2
cxd4 9. cxd4 f6 10. exf6 Nxf6 11. O-O Bd6 12. Bf4 Qc7 13. Qd2 O-O 14. g3 e5 15.
dxe5 Nxe5 16. Nxe5 Bxe5 17. Rac1 Qd6 18. Rfe1 Ng4 19. Bxe5 Nxe5 20. Be4 Be6 21.
Nf4 Rad8 22. Bg2 Bf7 23. Qd4 Nc6 24. Qc5 g5 25. Nd3 Qf6 26. b4 Qf5 27. Re3 Rfe8
28. Rf3 Qd7 29. b5 Ne5 30. Nxe5 Rxe5 31. Qxa7 Qxb5 32. Rb3 Qe8 33. Rxb7 Ra8 34.
Qb6 Re1+ 35. Rxe1 Qxe1+ 36. Bf1 Qe6 37. Qd4 Qe4 38. Qd2 d4 39. Bg2 Qg6 40. Rxf7
1-0

[Event "Bad Zwischenahn"]
[Site "NordWest-Cup"]
[Date "2006.02.02"]
[Round "1.4"]
[White "Albers, Michael"]
[Black "Meijers, Viesturs"]
[Result "0-1"]
[WhiteElo "2009"]
[BlackElo "2529"]
[PlyCount "90"]
[EventDate "2006.??.??"]

1. e4 c5 2. Nf3 e6 3. d4 cxd4 4. Nxd4 a6 5. c4 Qc7 6. Be2 Nf6 7. Qc2 Qe5 8. Be3
Qxe4 9. Qxe4 Nxe4 10. O-O Nf6 11. Nc3 d6 12. Bf3 Nbd7 13. Rfd1 Ne5 14. Be2 Bd7
15. Rac1 Be7 16. b3 Rc8 17. Bd2 O-O 18. Nc2 Rfd8 19. Bf4 h6 20. Ne3 Ne8 21.
Bxe5 dxe5 22. Bf3 Rc7 23. Rd3 f5 24. Be2 e4 25. Rdd1 Nf6 26. Bf1 Rdc8 27. Ne2
Ba3 28. Rb1 Bf8 29. g3 g5 30. a4 h5 31. Ng2 e5 32. Nc3 Bc5 33. Ne3 Be6 34. Ncd5
Nxd5 35. cxd5 Bxe3 36. fxe3 Bf7 37. Bh3 g4 38. Bf1 Rc3 39. Kf2 R3c5 40. d6 Rd8
41. h4 Rc6 42. d7 Rc7 43. Rd6 Rdxd7 44. Rf6 Kg7 45. Rb6 Rc2+ 0-1

[Event "Bad Zwischenahn"]
[Site "NordWest-Cup"]
[Date "2006.02.02"]
[Round "1.5"]
[White "Teske, Henrik"]
[Black "Heitmann, Timo"]
[Result "1-0"]
[WhiteElo "2486"]
[BlackElo "2005"]
[PlyCount "51"]
[EventDate "2006.??.??"]

1. e4 e5 2. Nf3 Nc6 3. d4 exd4 4. Nxd4 Bc5 5. Be3 Qf6 6. c3 Nge7 7. Bc4 d6 8.
O-O Ne5 9. Nd2 O-O 10. Be2 N7g6 11. f4 Nd7 12. Qc2 a6 13. Rae1 b5 14. e5 dxe5
15. fxe5 Qb6 16. Bf3 Bb7 17. b4 Bxd4 18. Bxd4 c5 19. bxc5 Qc7 20. Bxb7 Qxb7 21.
e6 fxe6 22. Rxe6 Rxf1+ 23. Nxf1 Qc7 24. Qe4 Qc8 25. Ne3 Ndf8 26. Rd6 1-0

[Event "Bad Zwischenahn"]
[Site "NordWest-Cup"]
[Date "2006.02.02"]
[Round "1.6"]
[White "Kohlmann, Arndt"]
[Black "Gutman, Lev"]
[Result "0-1"]
[WhiteElo "2005"]
[BlackElo "2465"]
[PlyCount "82"]
[EventDate "2006.??.??"]

1. e4 c5 2. Nf3 Nc6 3. d4 cxd4 4. Nxd4 Qb6 5. Nb3 Nf6 6. Nc3 e6 7. Bd3 a6 8.
O-O d6 9. Be3 Qc7 10. f4 b5 11. a3 Rb8 12. Kh1 h5 13. Nd4 Ng4 14. Bg1 Bd7 15.
Be2 Nf6 16. Bf3 Nxd4 17. Bxd4 e5 18. Be3 Be6 19. Re1 Be7 20. Qd2 Rc8 21. Rac1
h4 22. Bg1 g6 23. Nd5 Bxd5 24. exd5 Nh5 25. Bxh5 Rxh5 26. fxe5 dxe5 27. h3 Qc4
28. Bh2 f6 29. c3 Rd8 30. Rcd1 Kf7 31. Qf2 Bd6 32. Qf3 Rf5 33. Qe2 Qxe2 34.
Rxe2 Rc8 35. g4 hxg3 36. Bxg3 a5 37. Kg2 Rg5 38. Kf2 Rc4 39. Rc2 f5 40. b3 Re4
41. c4 Bc5+ 0-1

[Event "Bad Zwischenahn"]
[Site "NordWest-Cup"]
[Date "2006.02.02"]
[Round "1.7"]
[White "Ivanov, Michail"]
[Black "Ott, Mathias"]
[Result "1-0"]
[WhiteElo "2447"]
[BlackElo "2003"]
[PlyCount "65"]
[EventDate "2006.??.??"]

1. Nf3 Nf6 2. g3 g6 3. Bg2 Bg7 4. d4 d6 5. O-O O-O 6. a4 Nbd7 7. a5 c6 8. Nc3
Qc7 9. e4 e5 10. h3 Re8 11. Re1 Nf8 12. Be3 Be6 13. Qd2 Rad8 14. d5 cxd5 15.
exd5 Bf5 16. Bxa7 Ra8 17. Bb6 Qe7 18. Nd4 N6d7 19. Nxf5 gxf5 20. Be3 Rec8 21.
Bg5 Nf6 22. Na4 N8d7 23. b3 Qd8 24. Nb2 Qc7 25. Nc4 e4 26. Bh6 Bxh6 27. Qxh6
Ne8 28. g4 b5 29. axb6 Nxb6 30. Qg5+ Kh8 31. Rxa8 Rxa8 32. Nxb6 Qxb6 33. Qxf5
1-0

[Event "Bad Zwischenahn"]
[Site "NordWest-Cup"]
[Date "2006.02.02"]
[Round "1.8"]
[White "Hammer, Klaus"]
[Black "Jugelt, Tobias"]
[Result "0-1"]
[WhiteElo "1999"]
[BlackElo "2410"]
[PlyCount "56"]
[EventDate "2006.??.??"]

1. d4 d5 2. c4 c6 3. Nc3 Nf6 4. e3 g6 5. Nf3 Bg7 6. h3 O-O 7. Be2 e6 8. O-O
Nbd7 9. cxd5 exd5 10. Qc2 Re8 11. Bd3 Qe7 12. Rb1 Ne4 13. b4 b6 14. Ne2 Bb7 15.
Qb3 a5 16. a3 axb4 17. axb4 b5 18. Bb2 Bf8 19. Bxe4 dxe4 20. Nd2 Qxb4 21. Qxb4
Bxb4 22. Bc3 Bf8 23. Ng3 f5 24. Rfd1 Nb6 25. Nb3 Nd5 26. Be1 Ra6 27. Na5 Ba8
28. h4 Re7 0-1

[Event "Bad Zwischenahn"]
[Site "NordWest-Cup"]
[Date "2006.02.02"]
[Round "1.9"]
[White "Zaragatski, Ilja"]
[Black "Kaphle, Stephan"]
[Result "1-0"]
[WhiteElo "2400"]
[BlackElo "1989"]
[PlyCount "51"]
[EventDate "2006.??.??"]

1. e4 c5 2. Nf3 e6 3. d4 cxd4 4. Nxd4 a6 5. Nc3 Qc7 6. Bd3 Nf6 7. O-O Be7 8.
Kh1 b5 9. f4 d6 10. Qe2 Nbd7 11. Bd2 b4 12. Nd1 Qb6 13. Be3 Qc7 14. c3 bxc3 15.
Nxc3 Bb7 16. Rac1 Nc5 17. Bb1 Qb8 18. Bg1 O-O 19. e5 Nfd7 20. b4 dxe5 21. fxe5
Nxe5 22. bxc5 Bxc5 23. Nc6 Bxc6 24. Bxc5 Rc8 25. Ne4 Bb5 26. Qh5 1-0

[Event "Bad Zwischenahn"]
[Site "NordWest-Cup"]
[Date "2006.02.02"]
[Round "1.10"]
[White "Wahrenberg, Ralf"]
[Black "Schneider, Ilja"]
[Result "0-1"]
[WhiteElo "1980"]
[BlackElo "2392"]
[PlyCount "84"]
[EventDate "2006.??.??"]

1. d4 d5 2. Nf3 Nc6 3. Bf4 Bg4 4. e3 e6 5. c4 Nf6 6. Nc3 Bb4 7. Be2 dxc4 8. Rc1
Nd5 9. Bg5 f6 10. Bh4 Bf5 11. Bxc4 Nxc3 12. bxc3 Ba3 13. Rb1 Bxb1 14. Qxb1 Qd7
15. Qe4 Nd8 16. O-O O-O 17. Bg3 c6 18. Nh4 b5 19. Bb3 a5 20. f4 f5 21. Qd3 Nf7
22. e4 a4 23. Bc2 Nd6 24. exf5 exf5 25. Qf3 Rae8 26. Bf2 Ne4 27. Rd1 Qe6 28. c4
Nxf2 29. Qxf2 Be7 30. d5 cxd5 31. cxd5 Qc8 32. Nf3 Bc5 33. Nd4 Qd7 34. Qf3 Qa7
35. Qc3 Bxd4+ 36. Qxd4 Re1+ 37. Kf2 Qxd4+ 38. Rxd4 Ra1 39. Ke3 Rxa2 40. Kd3 Rc8
41. d6 Raxc2 42. d7 R8c3# 0-1

[Event "Bad Zwischenahn"]
[Site "NordWest-Cup"]
[Date "2006.02.02"]
[Round "1.11"]
[White "Troyke, Christian"]
[Black "Sakowski, Christian"]
[Result "1-0"]
[WhiteElo "2371"]
[BlackElo "1972"]
[PlyCount "87"]
[EventDate "2006.??.??"]

1. g3 c5 2. Bg2 Nc6 3. c4 Nf6 4. Nf3 g6 5. O-O Bg7 6. Nc3 O-O 7. d4 cxd4 8.
Nxd4 a6 9. c5 Nxd4 10. Qxd4 Ne8 11. Qe3 Nc7 12. Rd1 Ne6 13. Rb1 Re8 14. b4 Rb8
15. Nd5 d6 16. Bb2 Bd7 17. Bxg7 Nxg7 18. cxd6 exd6 19. Qc3 Rxe2 20. Nf6+ Kh8
21. Rxd6 Re6 22. Rbd1 Rc8 23. Qb2 Rxd6 24. Rxd6 Rc7 25. Qd2 Ne8 26. Rxd7 Qxf6
27. Rxc7 Nxc7 28. Bxb7 Kg7 29. Kg2 Qb6 30. Qc3+ f6 31. Qc6 Qxc6+ 32. Bxc6 Kf7
33. Kf3 Ke7 34. Ke4 Kd6 35. Bb7 h6 36. a4 f5+ 37. Kd4 Ne6+ 38. Kc4 Nc7 39. Bg2
Ne6 40. Bf3 g5 41. Bh5 f4 42. Bf7 Nd8 43. Bd5 fxg3 44. fxg3 1-0

[Event "Bad Zwischenahn"]
[Site "NordWest-Cup"]
[Date "2006.02.02"]
[Round "1.12"]
[White "Diez, Gerhard"]
[Black "Becker, Martin Alexander"]
[Result "0-1"]
[WhiteElo "1971"]
[BlackElo "2353"]
[PlyCount "104"]
[EventDate "2006.??.??"]

1. e4 c5 2. Nf3 d6 3. d4 cxd4 4. Nxd4 Nf6 5. Nc3 a6 6. f4 e5 7. Nf3 Nbd7 8. Bc4
b5 9. Bd5 Rb8 10. fxe5 dxe5 11. Be3 b4 12. Na4 Nxd5 13. Qxd5 Bb7 14. Qd3 Qc7
15. O-O Be7 16. Rad1 Bc6 17. Qc4 Bf6 18. Rf2 O-O 19. b3 Rfc8 20. Ng5 Nf8 21.
Qxa6 Bb5 22. Qa7 Qxa7 23. Bxa7 Bxg5 24. Bxb8 Rxb8 25. Re1 Ne6 26. c4 Bxa4 27.
bxa4 Be7 28. Rd2 Bc5+ 29. Kf1 Bd4 30. Rb1 Nc5 31. a5 Nxe4 32. Rc2 Nc5 33. g4
Kf8 34. Ke2 Ke7 35. Kf3 g6 36. g5 Ke6 37. Kg4 Nd3 38. Rf1 h5+ 39. gxh6 Rh8 40.
a6 Rxh6 41. c5 f5+ 42. Kg3 Nxc5 43. Rd1 Ne4+ 44. Kg2 Nc3 45. Rd3 Kd5 46. a7 Rh8
47. Rh3 Ra8 48. Rh7 Rxa7 49. Rxa7 Bxa7 50. a3 Bc5 51. axb4 Bxb4 52. Rd2+ Ke4
0-1

[Event "Bad Zwischenahn"]
[Site "NordWest-Cup"]
[Date "2006.02.02"]
[Round "1.13"]
[White "Thinius, Marco"]
[Black "Laake, Jasmin"]
[Result "1-0"]
[WhiteElo "2343"]
[BlackElo "1965"]
[PlyCount "41"]
[EventDate "2006.??.??"]

1. e4 c5 2. Nf3 d6 3. d4 cxd4 4. Nxd4 Nf6 5. Nc3 a6 6. Bg5 e6 7. f4 Be7 8. Qf3
Qc7 9. O-O-O Nbd7 10. Bd3 b5 11. Rhe1 Bb7 12. Qg3 b4 13. Nd5 exd5 14. exd5 Nb6
15. Nf5 Nc8 16. Nxg7+ Kd8 17. Rxe7 Nxe7 18. Bxf6 Kc8 19. Nf5 Re8 20. Nxe7+ Kb8
21. Qg7 1-0

[Event "Bad Zwischenahn"]
[Site "NordWest-Cup"]
[Date "2006.02.02"]
[Round "1.14"]
[White "Thielemann, Joachim"]
[Black "Dittmar, Peter"]
[Result "0-1"]
[WhiteElo "1962"]
[BlackElo "2334"]
[PlyCount "116"]
[EventDate "2006.??.??"]

1. e4 e6 2. d4 d5 3. Nd2 c5 4. Ngf3 Nc6 5. exd5 exd5 6. Bb5 Bd6 7. dxc5 Bxc5 8.
O-O Nge7 9. Nb3 Bb6 10. c3 Bg4 11. Re1 O-O 12. Bf4 Nf5 13. Bd3 Nh4 14. Bg3
Nxf3+ 15. gxf3 Bh5 16. Qc2 h6 17. Nd2 Rc8 18. Bf5 Nd4 19. Qd3 Nxf5 20. Qxf5 Bg6
21. Qg4 Re8 22. f4 Qf6 23. Bh4 Qf5 24. Qxf5 Bxf5 25. Re5 Be6 26. Nf3 Bc7 27.
Re2 Bxf4 28. Rae1 Kf8 29. Nd4 g5 30. Bg3 Bxg3 31. hxg3 Bd7 32. Kg2 Rxe2 33.
Rxe2 Re8 34. Rd2 Kg7 35. Nc2 Bc6 36. Kf1 h5 37. Rd4 Re4 38. Rd2 Kg6 39. Ne3 Re5
40. Rd4 Re4 41. Rd2 Re5 42. Rd4 Kf6 43. Kg1 Ke6 44. Kf1 Re4 45. Kg1 f5 46. Kg2
Ke5 47. Kf1 Rxd4 48. cxd4+ Ke4 49. Ke2 Bb5+ 50. Kd2 f4 51. gxf4 gxf4 52. Ng2
Kf3 53. Nh4+ Kxf2 54. Nf5 Bd7 55. Nd6 Kg3 56. Ke1 h4 57. Kf1 h3 58. Kg1 h2+ 0-1

[Event "Bad Zwischenahn"]
[Site "NordWest-Cup"]
[Date "2006.02.02"]
[Round "1.15"]
[White "Hedke, Fred"]
[Black "Kordel, Mathias"]
[Result "1-0"]
[WhiteElo "2328"]
[BlackElo "1961"]
[PlyCount "55"]
[EventDate "2006.??.??"]

1. e4 e6 2. d4 d5 3. exd5 exd5 4. c4 Nf6 5. Nc3 Be7 6. h3 O-O 7. Nf3 c6 8. Be3
Na6 9. Be2 Nc7 10. O-O dxc4 11. Bxc4 Nfd5 12. Bb3 Be6 13. Bc2 f5 14. Re1 f4 15.
Bd2 Rf6 16. Qe2 Rh6 17. Bb3 Bd6 18. Ne4 Be7 19. Ne5 Qc8 20. Qf3 Bf6 21. Ng4
Bxg4 22. hxg4 Rg6 23. Bxf4 Kh8 24. g5 Bxd4 25. Rad1 Bb6 26. Bxc7 Nxc7 27. Nd6
Qf8 28. Nf7+ 1-0

[Event "Bad Zwischenahn"]
[Site "NordWest-Cup"]
[Date "2006.02.02"]
[Round "1.16"]
[White "Bracker, Arne"]
[Black "Schlawin, Marlon"]
[Result "0-1"]
[WhiteElo "1955"]
[BlackElo "2302"]
[PlyCount "67"]
[EventDate "2006.??.??"]

1. d4 e6 2. c4 Bb4+ 3. Bd2 a5 4. Nf3 d6 5. g3 Nc6 6. Bg2 e5 7. Bxb4 axb4 8.
dxe5 dxe5 9. Qxd8+ Kxd8 10. O-O Nf6 11. Nbd2 Ke7 12. a3 Ra4 13. axb4 Rxb4 14.
b3 Rd8 15. Rfd1 h6 16. e3 e4 17. Nd4 Nxd4 18. exd4 Rxd4 19. Nxe4 Rxd1+ 20. Rxd1
Nxe4 21. Bxe4 Rxb3 22. Re1 Kf6 23. Kg2 Rc3 24. Rb1 c6 25. Rb4 Ke5 26. Bf3 Kd4
27. Be2 Kc5 28. Rb2 b6 29. Ra2 Be6 30. Ra7 g5 31. Rc7 Bxc4 32. Bxc4 Rxc4 33.
Rxf7 b5 34. Rb7 0-1

[Event "Bad Zwischenahn"]
[Site "NordWest-Cup"]
[Date "2006.02.02"]
[Round "1.17"]
[White "Lichmann, Peter"]
[Black "Reinhard, Ralf-Peter"]
[Result "1-0"]
[WhiteElo "2282"]
[BlackElo "1953"]
[PlyCount "69"]
[EventDate "2006.??.??"]

1. d4 d5 2. c4 e6 3. Nc3 Nf6 4. cxd5 exd5 5. Bg5 Be7 6. e3 c6 7. Bd3 Be6 8.
Nge2 Nbd7 9. O-O O-O 10. Qc2 h6 11. Bh4 Re8 12. Rab1 Rc8 13. b4 a6 14. Na4 b5
15. Nc5 Nxc5 16. dxc5 a5 17. a3 a4 18. Nd4 Bd7 19. Rbd1 Ne4 20. Bxe7 Qxe7 21.
Rfe1 Rcd8 22. f3 Nf6 23. Bf5 g6 24. Bxd7 Qxd7 25. e4 Qb7 26. e5 Nd7 27. f4 Nf8
28. f5 Rc8 29. Qd2 Kg7 30. Qf4 Qd7 31. Rd3 g5 32. Qg4 f6 33. e6 Qe7 34. Qh5 Nd7
35. Qg6+ 1-0

[Event "Bad Zwischenahn"]
[Site "NordWest-Cup"]
[Date "2006.02.02"]
[Round "1.18"]
[White "Becker, Maja"]
[Black "Korba, Roman"]
[Result "0-1"]
[WhiteElo "1945"]
[BlackElo "2265"]
[PlyCount "71"]
[EventDate "2006.??.??"]

1. Nc3 g6 2. d3 Bg7 3. Bd2 c5 4. g3 Nf6 5. Qc1 Nc6 6. Bg2 e5 7. e4 Nd4 8. f4 d6
9. Nf3 exf4 10. Bxf4 Nh5 11. Bg5 Qa5 12. Bd2 O-O 13. Nd5 Qa4 14. Nxd4 Bxd4 15.
Bh6 Ng7 16. c3 Be5 17. O-O Be6 18. Nf6+ Kh8 19. Qg5 Rfc8 20. Qh4 Ne8 21. Bg5
Nxf6 22. Rxf6 Qd7 23. Raf1 h5 24. Bf3 Kg7 25. Bd1 Rh8 26. R6f2 f5 27. exf5 Bxf5
28. d4 Rhf8 29. dxe5 dxe5 30. Bxh5 Qe6 31. Bd1 Rh8 32. Qa4 e4 33. Bb3 Qc8 34.
g4 e3 35. Bxe3 b5 36. Qxb5 0-1

[Event "Bad Zwischenahn"]
[Site "NordWest-Cup"]
[Date "2006.02.02"]
[Round "1.19"]
[White "Korsus, Bernd"]
[Black "Friedrich, Wiede"]
[Result "1-0"]
[WhiteElo "2263"]
[BlackElo "1942"]
[PlyCount "51"]
[EventDate "2006.??.??"]

1. d4 Nf6 2. c4 c5 3. d5 e6 4. Nc3 exd5 5. cxd5 d6 6. Nf3 g6 7. g3 Bg7 8. Bg2
O-O 9. O-O a6 10. a4 Re8 11. Nd2 Nbd7 12. h3 Rb8 13. Nc4 Ne5 14. Na3 Qc7 15. f4
Ned7 16. e4 c4 17. Be3 Nc5 18. e5 dxe5 19. d6 Qa5 20. fxe5 Nfd7 (20... Rxe5 21.
Nxc4) 21. Qd5 Re6 (21... Nxe5 22. Nxc4 Qd8 23. Nxe5 Rxe5 24. Qxf7+ Kh8 25. Qc7
Qxc7 26. dxc7 Ra8 27. Rad1 Bf5 28. Bxc5) 22. Nxc4 Qb4 23. Na2 Qb3 24. Bxc5 Nxc5
25. Qxc5 b6 26. Qc7 1-0

[Event "Bad Zwischenahn"]
[Site "NordWest-Cup"]
[Date "2006.02.02"]
[Round "1.20"]
[White "Ma, Beini"]
[Black "Müller, Fabian"]
[Result "0-1"]
[WhiteElo "1931"]
[BlackElo "2270"]
[PlyCount "34"]
[EventDate "2006.??.??"]

1. e4 c5 2. Nc3 Nc6 3. Nf3 g6 4. d4 cxd4 5. Nxd4 Bg7 6. Be3 Nf6 7. Bc4 Qa5 8.
f3 Qb4 9. Nxc6 bxc6 10. Bb3 O-O 11. Qd2 d6 12. O-O-O Be6 13. Bh6 Bh8 14. Bxf8
Rxf8 15. Ne2 Qb7 16. Bxe6 Nxe4 17. Bxf7+ Rxf7 0-1

[Event "Bad Zwischenahn"]
[Site "NordWest-Cup"]
[Date "2006.02.03"]
[Round "2.1"]
[White "Mühlenhaus, Sven"]
[Black "Golod, Vitali"]
[Result "0-1"]
[WhiteElo "2180"]
[BlackElo "2577"]
[PlyCount "52"]
[EventDate "2006.??.??"]

1. d4 d5 2. Nf3 c6 3. c4 dxc4 4. Nc3 b5 5. a4 b4 6. Na2 Na6 7. Bd2 e6 8. e3 b3
9. Nc3 Nb4 10. Bxc4 Nc2+ 11. Ke2 Nxa1 12. Qxa1 a5 13. Rc1 Ba6 14. Bxa6 Rxa6 15.
Ne4 Nf6 16. Nc5 Bxc5 17. Rxc5 Nd7 18. Rc3 O-O 19. Qb1 h6 20. Qd3 Rb6 21. Rc4
Qa8 22. Bc3 Rd8 23. Qe4 Ra6 24. Qh4 Nb6 25. Rxc6 Nxa4 26. Rc7 Rc8 0-1

[Event "Bad Zwischenahn"]
[Site "NordWest-Cup"]
[Date "2006.02.03"]
[Round "2.2"]
[White "Akstinat, Sven-Holger"]
[Black "Karpatchev, Aleksandr"]
[Result "0-1"]
[WhiteElo "2179"]
[BlackElo "2530"]
[PlyCount "50"]
[EventDate "2006.??.??"]

1. e4 e5 2. Bc4 Nf6 3. d3 c6 4. Nf3 d5 5. Bb3 a5 6. a4 Bb4+ 7. Bd2 O-O 8. Nc3
Na6 9. O-O dxe4 10. Nxe4 Nxe4 11. dxe4 Bg4 12. c3 Bxf3 13. gxf3 Bc5 14. Qe2 Qh4
15. Bc4 Kh8 16. Be3 f5 17. Bxa6 Rf6 18. Rfd1 Rg6+ 19. Kh1 f4 20. Rg1 Rxg1+ 21.
Rxg1 fxe3 22. Bxb7 exf2 23. Rd1 Rd8 24. Ba6 Rxd1+ 25. Qxd1 Qg5 0-1

[Event "Bad Zwischenahn"]
[Site "NordWest-Cup"]
[Date "2006.02.03"]
[Round "2.3"]
[White "Meijers, Viesturs"]
[Black "Stippekohl, Peter"]
[Result "1-0"]
[WhiteElo "2529"]
[BlackElo "2175"]
[PlyCount "55"]
[EventDate "2006.??.??"]

1. e4 e5 2. Nf3 Nc6 3. Bb5 a6 4. Bxc6 dxc6 5. O-O Qd6 6. d3 f6 7. Be3 Be6 8.
Nbd2 O-O-O 9. d4 h6 10. c4 g5 11. d5 Bf7 12. b4 Ne7 13. Bc5 Qd7 14. a4 Ng6 15.
Bxf8 Rhxf8 16. b5 cxd5 17. bxa6 bxa6 18. cxd5 Nf4 19. Qc2 Qg4 20. g3 Rg8 21.
Kh1 Bh5 22. Rfc1 Rg7 23. Qc4 Rd6 24. Ra3 Nh3 25. Qc5 Kd8 26. Rb3 Rgd7 27. Qe3
Re7 28. Rb8+ 1-0

[Event "Bad Zwischenahn"]
[Site "NordWest-Cup"]
[Date "2006.02.03"]
[Round "2.4"]
[White "Thimm, Torsten"]
[Black "Teske, Henrik"]
[Result "0-1"]
[WhiteElo "2174"]
[BlackElo "2486"]
[PlyCount "68"]
[EventDate "2006.??.??"]

1. e4 c5 2. c3 d5 3. exd5 Nf6 4. Bb5+ Nbd7 5. c4 a6 6. Ba4 b5 7. cxb5 Nb6 8.
bxa6+ Nxa4 9. Qxa4+ Nd7 10. Nf3 Rxa6 11. Qc2 e6 12. O-O exd5 13. d4 Be7 14. Bf4
O-O 15. Nbd2 Bb7 16. Rfe1 Rc6 17. Qd3 Bf6 18. Ne5 Bxe5 19. Bxe5 Qb6 20. Nf3 c4
21. Qc3 Ra8 22. Re3 h6 23. a3 Re6 24. Rae1 Bc8 25. h3 Ra5 26. Bf4 Nf6 27. b4
Ra8 28. Nd2 Rxe3 29. Rxe3 Bf5 30. Be5 Nd7 31. Nf3 Be4 32. Bf4 Nf8 33. Nd2 Bd3
34. Re5 Ng6 0-1

[Event "Bad Zwischenahn"]
[Site "NordWest-Cup"]
[Date "2006.02.03"]
[Round "2.5"]
[White "Gutman, Lev"]
[Black "Stümer, Paul"]
[Result "1-0"]
[WhiteElo "2465"]
[BlackElo "2161"]
[PlyCount "75"]
[EventDate "2006.??.??"]

1. Nf3 c5 2. g3 g6 3. Bg2 Bg7 4. d4 cxd4 5. Nxd4 Nc6 6. Nxc6 bxc6 7. O-O Nf6 8.
Nd2 O-O 9. e4 a5 10. c4 a4 11. e5 Ne8 12. Re1 Qa5 13. Nf3 Nc7 14. Bd2 Qc5 15.
Rc1 Ne6 16. b4 axb3 17. axb3 Ra2 18. b4 Qa7 19. Be3 Qa3 20. b5 f5 21. exf6 Bxf6
22. Rb1 Rb2 23. Bc1 Rxb1 24. Bxa3 Rxd1 25. Rxd1 c5 26. Nd2 d6 27. Bd5 Kg7 28.
Ne4 Bd4 29. Rd2 Nc7 30. Bc6 Be6 31. b6 Na6 32. Bb5 Nb8 33. Bb2 Bxb2 34. Rxb2 h6
35. Ra2 Rc8 36. Ra7 Kf8 37. Rc7 Rd8 38. b7 1-0

[Event "Bad Zwischenahn"]
[Site "NordWest-Cup"]
[Date "2006.02.03"]
[Round "2.6"]
[White "Franke, Thomas"]
[Black "Ivanov, Michail"]
[Result "1-0"]
[WhiteElo "2164"]
[BlackElo "2447"]
[PlyCount "123"]
[EventDate "2006.??.??"]

1. c4 Nf6 2. g3 e6 3. Bg2 d5 4. Nf3 dxc4 5. Qc2 a6 6. Qxc4 Nbd7 7. O-O c5 8.
Qc2 b5 9. b3 Bb7 10. Bb2 Rc8 11. d3 Be7 12. Nbd2 O-O 13. Rac1 Qb6 14. Qb1 Rfd8
15. Rfd1 Nb8 16. Ne5 Bxg2 17. Kxg2 h5 18. Ndf3 Ng4 19. d4 Nxe5 20. Nxe5 Qb7+
21. f3 cxd4 22. Rxd4 Bf6 23. Rxd8+ Rxd8 24. Nd3 Nd7 25. Qc2 Bxb2 26. Qxb2 Qb6
27. Qc3 Nf6 28. Qc5 Qb7 29. Qc6 Qa7 30. Qc7 Qxc7 31. Rxc7 Nd5 32. Rc6 a5 33.
Kf2 Ra8 34. a3 b4 35. a4 g6 36. Nb2 Nc3 37. Nc4 Rd8 38. Rc5 Rd1 39. Rxa5 Rh1
40. Ke3 Rxh2 41. Ra8+ Kg7 42. Ra7 Rxe2+ 43. Kd4 Ra2 44. Kc5 Nd5 45. f4 Rg2 46.
Ne5 Rxg3 47. Nxf7 Nxf4 48. Kxb4 h4 49. a5 Nd5+ 50. Ka3 Kf6 51. Nd6 Ke5 52. Nc4+
Kd4 53. a6 Rg1 54. Kb2 Rg2+ 55. Ka3 h3 56. Rh7 h2 57. a7 Nc7 58. Kb4 Ra2 59.
Na5 g5 60. Rd7+ Ke3 61. Nc4+ Kf4 62. Rd4+ 1-0

[Event "Bad Zwischenahn"]
[Site "NordWest-Cup"]
[Date "2006.02.03"]
[Round "2.7"]
[White "Jugelt, Tobias"]
[Black "Hölscher, Torsten"]
[Result "1-0"]
[WhiteElo "2410"]
[BlackElo "2156"]
[PlyCount "69"]
[EventDate "2006.??.??"]

1. d4 g6 2. e4 d6 3. Nf3 Nf6 4. Nc3 Bg7 5. Be2 O-O 6. O-O c5 7. d5 Na6 8. h3
Nc7 9. a4 b6 10. Bf4 Bb7 11. Re1 a6 12. Bc4 Qd7 13. e5 dxe5 14. Nxe5 Qf5 15.
Nxg6 hxg6 16. Bxc7 b5 17. axb5 axb5 18. Rxa8 Bxa8 19. Bxb5 Nxd5 20. Nxd5 Bxd5
21. c4 Ba8 22. Qe2 Bd4 23. Bg3 Qg5 24. Kh2 e5 25. f3 f6 26. Bd7 Rd8 27. Ra1 Bb7
28. Be6+ Kh8 29. h4 Qh6 30. Ra7 Bc6 31. Qe1 Qf8 32. Rf7 Qd6 33. Qc1 g5 34. Rxf6
Rg8 35. Rh6+ 1-0

[Event "Bad Zwischenahn"]
[Site "NordWest-Cup"]
[Date "2006.02.03"]
[Round "2.8"]
[White "Hilverda, Alexander"]
[Black "Zaragatski, Ilja"]
[Result "1/2-1/2"]
[WhiteElo "2156"]
[BlackElo "2400"]
[PlyCount "63"]
[EventDate "2006.??.??"]

1. e4 e6 2. d4 d5 3. Nc3 Nf6 4. e5 Nfd7 5. f4 c5 6. Nf3 Nc6 7. Be3 cxd4 8. Nxd4
Bc5 9. Qd2 O-O 10. O-O-O a6 11. h4 Nxd4 12. Bxd4 b5 13. h5 Qc7 14. Rh3 b4 15.
Na4 Bxd4 16. Qxd4 a5 17. Bb5 Rb8 18. Bxd7 Bxd7 19. Qc5 Rfc8 20. Qxc7 Rxc7 21.
b3 Bxa4 22. bxa4 Rbc8 23. Rd2 Rc4 24. Rf3 f6 25. exf6 gxf6 26. f5 e5 27. Rg3+
Kf8 28. Rxd5 Rxc2+ 29. Kb1 Rf2 30. Rxa5 Rxf5 31. Ra7 Rxh5 32. Rgg7 1/2-1/2

[Event "Bad Zwischenahn"]
[Site "NordWest-Cup"]
[Date "2006.02.03"]
[Round "2.9"]
[White "Schneider, Ilja"]
[Black "Maahs, Erich"]
[Result "0-1"]
[WhiteElo "2392"]
[BlackElo "2148"]
[PlyCount "98"]
[EventDate "2006.??.??"]

1. Nf3 d5 2. c4 dxc4 3. Na3 a6 4. Nxc4 b5 5. Ne3 e6 6. a4 Bb7 7. g3 Nf6 8. Bg2
Nbd7 9. O-O Be7 10. Nd4 Bxg2 11. Nxg2 Ne5 12. e3 c5 13. f4 Ng6 14. Nc6 Qc8 15.
Qf3 Nd5 16. axb5 axb5 17. Rxa8 Qxa8 18. f5 Qxc6 19. fxg6 O-O 20. gxf7+ Kh8 21.
Nf4 Qd6 22. Qe4 Nxf4 23. Rxf4 Bg5 24. Rf3 Bf6 25. g4 Qe7 26. b3 h6 27. Qd3 b4
28. Qg6 Qxf7 29. Qxf7 Rxf7 30. Rf4 Rd7 31. Rc4 Rd3 32. Rxc5 Rxb3 33. d4 Rb1 34.
Kf2 b3 35. Bd2 Be7 36. Rb5 Ba3 37. Bc3 b2 38. Kg2 Rc1 39. Bxb2 Rc2+ 40. Kf3
Rxb2 41. Ra5 Rb3 42. Ra6 e5 43. dxe5 Bc1 44. Ke4 Rxe3+ 45. Kf5 Kh7 46. h4 Rf3+
47. Ke6 Rf4 48. Rc6 Bd2 49. Rc2 Be1 0-1

[Event "Bad Zwischenahn"]
[Site "NordWest-Cup"]
[Date "2006.02.03"]
[Round "2.10"]
[White "Müller, Dieter"]
[Black "Troyke, Christian"]
[Result "1-0"]
[WhiteElo "2156"]
[BlackElo "2371"]
[PlyCount "53"]
[EventDate "2006.??.??"]

1. e4 c5 2. c3 d6 3. d4 Nf6 4. Bd3 cxd4 5. cxd4 g6 6. Ne2 Bg7 7. Nbc3 O-O 8.
O-O Nc6 9. f3 e5 10. d5 Nb4 11. Bb1 Ne8 12. Be3 f5 13. Qa4 Na6 14. Qa3 f4 15.
Bf2 g5 16. Bd3 g4 17. Kh1 Nac7 18. Ng1 Nf6 19. fxg4 Nxg4 20. Nf3 Nxf2+ 21. Rxf2
Ne8 22. Rc1 Nf6 23. Nb5 Qb6 24. Rfc2 Ne8 25. Rxc8 Rxc8 26. Rxc8 a6 27. Nc3 1-0